000 01057nam a22003017ia4500
999 _c175489
_d175489
005 20191217142602.0
008 191217t20182018enkab j 001 0 eng d
020 _a9781912108671
_qpaperback
_cRM14.90
040 _aPPAK
_beng
_cPPAK
_erda
082 0 4 _a909.08
_223
090 0 0 _a909.08
_bFAR
_dK
100 1 _aFarndon, John,
_eauthor.
245 1 0 _aEXPLORATION AND REVOLUTION :
_b1500 to 1900 /
_cby John Farndon ; Illustrated by Christian Cornia ; Senior Editor: Alice Peebles
264 1 _aEdenbridge, Kent :
_bHungry Tomato Ltd,
_c2018
264 4 _c©2018
300 _a32 pages :
_bcolour illustrations, colour maps ;
_c27 cm
336 _2rdacontent
_atext
337 _2rdamedia
_aunmediated
338 _2rdacarrier
_avolume
490 1 _aHISTORY OF THE WORLD
500 _aIncludes index.
650 1 0 _aHistory, Modern
_vJuvenile literature
650 2 0 _aCivilization, Modern
_vJuvenile literature
700 1 _aCornia, Christian,
_eillustrator.
700 1 _aPeebles, Alice,
_eeditor.
830 0 _aHistory of the world
942 _2ddc
_cB